00879 2200325 4500001002100000005001500021035002000036007000300056040001700059100002900076245006200105250001200167300003500179504002400214020002200238041000800260082001100268084001700279090002200296264003500318336002100353337003000374338002300404500002300427650001200450850001000462008004100472990002000513990002000533INLIS00000000000630720260418072831 a0010-0322000551ta aSBPUPADbind0 aIndah C PutriePengarang1 aJangan Rusak masa depanmu dengan Narkoba /cIndah C Putri a.-cet.1 avi, 90 hal. :billus. ;c25 cm abibliografi, hlm 90 a978-602-8725-87-30 aind a362.29 a362.29 IND j a362.29 IND j 13-1 a.--Bekasi :bNusa Agung,c2016 2rdacontentaTeks 2rdamediaaTanpa Perantara 2rdacarrieravolume aGlossarium, hlm 75 4aNarkoba aPUPAD260418 0  a30.367/B/DPK/18 a30.368/B/DPK/18